[Event "Dortmund"]
[Site "Dortmund"]
[Date "1985.??.??"]
[Round "2"]
[White "Boehm, Juergen"]
[Black "Kindermann, Stefan"]
[Result "0-1"]
[WhiteElo "2265"]
[BlackElo "2480"]

1.d4 Nf6 2.c4 e6 3.Nc3 Bb4 4.e3 O-O 5.Bd3 d5 6.Ne2 c5 7.a3 dxc4 8.Bxc4 Bxc3+
9.Nxc3 cxd4 10.Qxd4 Qxd4 11.exd4 Rd8 12.Be3 Nbd7 13.O-O Nb6 14.Bb3 Bd7 15.Rfd1 Bc6
16.f3 h6 17.Kf2 Nfd5 18.Nxd5 Bxd5 19.Bxd5 Nxd5 20.Rac1 Rac8 21.Rxc8 Rxc8
22.Rc1 Rd8 23.Ke2 f6 24.b3 Kf7 25.Bd2 Rd7 26.Be3 a6 27.Rc2 Ne7 28.a4 Nc6
29.Rc5 Ke8 30.Rc4 Rd5 31.Rc5 Nxd4+ 32.Bxd4 Rxd4 33.Rc7 Rd7 34.Rc8+ Ke7 35.h4 Kd6
36.Kd3 f5 37.Kd4 e5+ 38.Kd3 Ke6+ 39.Ke3 Rd4 40.Re8+ Kf6 41.Rf8+ Kg6 42.h5+ Kg5
43.Rf7 Rb4 44.Rxg7+ Kxh5 45.g4+ fxg4 46.fxg4+ Kh4 47.Rg6 a5 48.Kf3 Rf4+ 49.Ke3 Rxg4
50.Rxh6+ Kg5 51.Rd6 Kf5 52.Kd3 Rb4 53.Kc3 b6 54.Rh6 e4 55.Rh8 Kf4 56.Rf8+ Ke3
57.Rf6 Ke2 58.Kc2 e3 59.Kc3 Ke1 60.Kc2 e2  0-1

[Event "Dortmund"]
[Site "Dortmund"]
[Date "1985.??.??"]
[Round "3"]
[White "Bischoff, Klaus"]
[Black "Boehm, Juergen"]
[Result "1-0"]
[WhiteElo "2415"]
[BlackElo "2265"]

1.d4 d5 2.Nf3 e6 3.c4 c6 4.Nbd2 Nf6 5.g3 c5 6.cxd5 exd5 7.Bg2 Nc6 8.O-O cxd4
9.Nb3 Be7 10.Nbxd4 O-O 11.b3 Re8 12.Bb2 Ne4 13.Rc1 Bd7 14.Nc2 Qa5 15.a3 Be6
16.Nfd4 Qb6 17.Nxe6 fxe6 18.Bxe4 dxe4 19.Ne3 Rad8 20.Qc2 Nd4 21.Bxd4 Qxd4
22.Rfd1 Qe5 23.Rxd8 Rxd8 24.Qc7 Qxc7 25.Rxc7 Bxa3 26.Rxb7 Bc5 27.Nc4 h6 28.e3 Kh7
29.Kg2 Rd1 30.h4 Rd5 31.Kf1 Bb6 32.Re7 Rb5 33.Nd2 Re5 34.Nc4 Rb5 35.Rxe6 Rxb3
36.h5 Kg8 37.Re8+ Kf7 38.Nd6+ Kf6 39.Nxe4+ Kf5 40.Kg2 Rb4  1-0

[Event "Dortmund"]
[Site "Dortmund"]
[Date "1985.??.??"]
[Round "6"]
[White "Boehm, Juergen"]
[Black "Razuvaev, Yuri S"]
[Result "1/2-1/2"]
[WhiteElo "2265"]
[BlackElo "2520"]

1.d4 Nf6 2.Nc3 d5 3.e4 dxe4 4.f3 exf3 5.Nxf3 g6 6.Bc4 Bg7 7.O-O O-O 8.Qe1 Bg4
9.Qh4 Bxf3 10.Rxf3 c5 11.dxc5 Nbd7 12.Be3 Ne5 13.Rh3 h5 14.b4 a5 15.Rd1 Qc8
16.a3 axb4 17.axb4 Rd8 18.Rf1 Neg4 19.Ne4 Qc6 20.Ng5 Rf8 21.Rg3 Ne5 22.Bb3 Rad8
23.Bd4 Nfg4 24.c3  1/2-1/2

[Event "Dortmund"]
[Site "Dortmund"]
[Date "1985.??.??"]
[Round "8"]
[White "Lau, Ralf"]
[Black "Boehm, Juergen"]
[Result "1/2-1/2"]
[WhiteElo "2460"]
[BlackElo "2265"]

1.e4 e6 2.d4 d5 3.Nd2 Nf6 4.e5 Nfd7 5.c3 c5 6.f4 Nc6 7.Ndf3 Qb6 8.a3 a5 9.g3 a4
10.Kf2 cxd4 11.cxd4 g5 12.h3 f6 13.Ke1 Bg7 14.Rh2 O-O 15.Rg2 Kh8 16.Qd3 Qb3
17.Qxb3 axb3 18.Be2 gxf4 19.gxf4 fxe5 20.fxe5 Nb6 21.Bd1 Na5 22.Nd2 Bd7 23.Nxb3 Nxb3
24.Bxb3 Bb5 25.Rf2 Bd3 26.Bd1 Nc4 27.Nf3 h6 28.b3 Na5 29.Be3 Nc6 30.Kd2 Be4
31.Be2 Rf7 32.Nh4 Rxf2 33.Bxf2 Bf8 34.Rg1 Rxa3 35.Ng6+ Bxg6 36.Rxg6 Ra2+
37.Ke1 Ra1+ 38.Bd1 Nb4 39.Ke2 Ra2+ 40.Kf3 Nd3 41.Bh4 Rd2 42.Rg1 Nb4 43.Bf6+ Kh7
44.Ke3 Rd3+ 45.Kf2 Rxh3 46.Kg2 Rc3 47.Bg4 Nd3 48.Rf1 Rc6 49.Bh4 h5 50.Bxh5 Bh6
51.Bg3 Rb6 52.Bg4 Kg7 53.Rf6 Bg5 54.Rxe6 Rxe6 55.Bxe6 Be3 56.Bxd5 Bxd4 57.e6 Bc5
58.Kf3 Kf6 59.Bh4+ Ke5 60.Be4 Nc1 61.e7 Bxe7 62.Bxe7 Nxb3 63.Bxb7 Nd4+ 64.Kf2 Nf5
65.Ba3 Kf4 66.Ke2 Ke5 67.Kd3 Nd6 68.Bc6 Nf5 69.Bc5 Ng7 70.Bg1 Kd6 71.Bf3 Ne6
72.Kc4 Ke5 73.Bh2+ Kf5 74.Bb7 Nf4 75.Kd4 Ne6+ 76.Ke3 Ng5 77.Bc8+ Ne6 78.Bg3 Kf6
79.Ke4 Ng7 80.Bh4+ Kg6 81.Bg4 Kf7 82.Ke5 Kg6 83.Be2 Kf7 84.Bd3 Nh5 85.Be1 Ng7
86.Bc3 Ne8 87.Bb2 Ng7 88.Bh7 Ne8 89.Bc1 Ng7 90.Bg5 Ne8 91.Bc2 Ng7 92.Bh4 Ne8
93.Kd5 Nf6+ 94.Kd6 Ne8+ 95.Kd7 Nf6+  1/2-1/2